BIBLIOTHÈQUE DE LA MAISON DU MEXIQUE

Logo 1 Logo 2

Juan Rulfo (notice nᵒ 6703)

détails MARC
000 -Sello discográfico
campo de control de longitud fija 01022nam a2200325 4500
005 - Identificación de versión
campo de control 20251016084717.0
010 ## - Número Estándar Internacional de Libros (ISBN)
Número (ISBN) 970-35-0936-3
099 ## - fechas locales
Tipo de ítem Koha LIBRO
100 ## - Datos de procesamiento general
Datos de procesamiento general 20230801d2005 m y1spay5003 ba
101 ## - Idioma del recurso
Idioma del texto, banda sonora, etc. Español; Castellano
Idioma de la obra original Inglés
105 ## - Campo de datos codificados: Material textual, monográfico
Datos codificados de monografía a 001zy
200 1# - Título y mención de responsabilidad
Título propio Juan Rulfo
Designación general del material texto impreso
Otra información del título fotógrafo
Primer mención de responsabilidad Andrew Dempsey
Declaración de responsabilidad subsiguiente traducción Francisco Fenton
205 ## - Declaración de edición
Declaración de edición 1a ed
210 ## - Publicación, distribución, etc.
Lugar de publicación, distribución, etc. México
Nombre del editor, distribuidor, etc. Consejo Nacional para la Cultura y las Artes
Fecha de publicación, distribución, etc. 2005
215 ## - Descripción física
Designación de material específico y extensión del ítem 32 p
Otras características físicas il.
Dimensiones 17 cm
345 ## - Nota de información de adquisición
Fuente de adquisición/dirección de la suscripción [OBSOLETO] Donación
410 #1 - Series
Título Círculo de arte
Nombre de parte o sección Fotografía
600 ## - Nombre personal usado como materia
Elemento de entrada Pérez Rulfo Vizcaíno
Parte del nombre distinta del elemento de entrada Juan Nepomuceno Carlos
Fechas 1917-1986
Número Koha 585
606 ## - Término temático usado como materia
Elemento de entrada Fotógrafos mexicanos
Número Koha 1779
660 ## - Código de área geográfica
Código MX
700 ## - Nombre personal - Responsabilidad primaria
Elemento de entrada Dempsey
Parte del nombre distinta del elemento de entrada James Andrew Craig
Número Koha 12675
702 ## - Nombre personal - Responsabilidad secundaria
Elemento de entrada Fenton
Parte del nombre distinta del elemento de entrada Francisco
Fechas 1974-
Número Koha 12676
801 #0 - Fuente de origen
País FR
Agencia cm
Reglas de catalogación (convenciones descriptivas) AFNOR
900 ## -
-- 1/22263
900 ## -
-- 7100417642\080104
942 ## - ELEMENTOS DE ENTRADA SECUNDARIOS (KOHA)
Tipo de ítem Koha Livre
996 ## -
-- MEX
-- 751145101
-- MMAG
-- 008343
-- 704.9 C571 V.90
-- 20230801LIV
Exemplaires
Estatus retirado Estado de daño Estado de pérdida Fecha de adquisición Biblioteca de origen Biblioteca actual Ubicación en estantería Código de barras Precio de reemplazo Signatura topográfica completa No para préstamo Tipo de ítem Koha Nota pública Nota no pública
      05/08/2025 Casa México Paris Casa México Paris   008343 05/08/2025 704.9 C571 V.90   Livre 20230801LIV 751145101